000 00719nam a22002537a 4500
003 CHAP
005 20220329134712.0
008 971013s r 00010 d
010 _a24443
011 _a25415
035 _a29515
040 _cCHAP
090 _aR-1565
100 0 0 _aHalffter, Gonzalo.
_952286
245 1 _aDos nuevos géneros de Canthonini (Col. Scarabaeidae)
500 _aSobretiro de : Ciencia. México 17(10-12):207-212, 1958
590 _aBATCH-UPD
_b10
_c20130110
_lUCH01
_h1610
590 _aCONVERSION
_b10
_c20130109
_lUCH01
_h1314
650 0 4 _aScarabaeidae.
_9102865
650 1 4 _aCanthon.
_918466
901 _aBK
942 _cREIMP
949 _aR-1565
_bBC
_cR
_d-68242
_eTS1
_i29515
_si
999 _c24443
_d24443